00640 2200229 4500001002100000005001700021008004100038020002200079035002500101040001200126082000800138084001400146100002700160245007900187260003100266300003100297500002700328650001200355700001000367850001200377990002100389INLIS00000000002134220160715135653.0  a978-979-21-4811-4 a0010-071600000000133 aYOPDYOG a220 a220 Isw P aISWADI PRAYIDNO, 1978- aPesona kitab wahyu dan untuk membukanyac/ Iswadi Prayidno ; editor, Victi aYogyakartabKanisiusc2016 a143 hlm.b: ilus.c; 19 cm aBibliografi : hlm. 143 aAlkitab aVicti aYOPDYOG aCB-D.11/2016-479